| 000 | 00556ntaaa2200205 4500 | ||
|---|---|---|---|
| 003 | 01 | ||
| 005 | 20251027203154.0 | ||
| 008 | 0714s1973 ag 01 | ||
| 020 | _a9589269532 | ||
| 040 |
_aAR-BaBN _bspa _cAR-BaBN _eaacr _dRIC |
||
| 082 | _a248.4 Su22 | ||
| 100 |
_aSuderman, Roberto J. _913947 |
||
| 245 |
_aTengan valor, yo he vencido al mundo / _cRoberto J. Suderman,, |
||
| 250 | _a1 ed. | ||
| 260 |
_aColombia : _bClara-Semilla, _c1998 |
||
| 300 |
_a166 p ; _c21 cm |
||
| 650 |
_aMISION _918649 |
||
| 650 | _aESPIRITUALIDAD | ||
| 650 | _aVIDA CRISTIANA | ||
| 999 |
_c27188 _d27188 |
||